000 00915nam a22002537i 4500
005 20251223124242.0
008 250906s2025 jo ||||gr|||| 00| 0 ara d
020 _a9789923323656
040 _aJO-AmGAM
_erda
082 1 4 _a649.1542
_bخ ف ش
100 1 _aالخفش، سهام رياض
_eمؤلف.
245 1 0 _aتمكين الأسر دعم وتعزيز دورها في رعاية ذوي اضطراب التوحد /
_cد. سهام رياض الخفش.
250 _aالطبعة الأولى.
264 3 1 _aعمان :
_bدار يافا العلمية للنشر والتوزيع،
_c2025.
300 _a390 صفحة.
336 _2rdacontent
_aنص
_btxt
337 _2rdamedia
_aدون وسيط عرض
_bn
338 _2rdacarrier
_aمجلد
_bnc
650 1 7 _aالأسرة.
650 1 7 _aالتوحد.
650 1 7 _aالتربية الخاصة.
942 _2ddc
_cBK
999 _c247622
_d247622